<?xml version="1.0" encoding="UTF-8"?>
<record
    xmlns:xsi="http://www.w3.org/2001/XMLSchema-instance"
    xsi:schemaLocation="http://www.loc.gov/MARC21/slim http://www.loc.gov/standards/marcxml/schema/MARC21slim.xsd"
    xmlns="http://www.loc.gov/MARC21/slim">

  <leader>00393    a2200109   4500</leader>
  <controlfield tag="001">ART_5558</controlfield>
  <controlfield tag="005">20260410161827.0</controlfield>
  <controlfield tag="008">260409a                                 </controlfield>
  <datafield tag="245" ind1="1" ind2="0">
    <subfield code="a">An&#xE1;lisis te&#xF3;rico de los problemas de formaci&#xF3;n de precio y capacidad en el sector frut&#xED;cola argentino</subfield>
  </datafield>
  <datafield tag="100" ind1="1" ind2=" ">
    <subfield code="a">Witte, Hermann</subfield>
  </datafield>
  <datafield tag="773" ind1="0" ind2=" ">
    <subfield code="t">Estudios Econ&#xF3;micos</subfield>
    <subfield code="g">- Vol. 3, N&#xBA; 5/6 (ene./dic. 1984)</subfield>
    <subfield code="w">REV5080</subfield>
  </datafield>
  <datafield tag="999" ind1=" " ind2=" ">
    <subfield code="c">22911</subfield>
    <subfield code="d">22911</subfield>
  </datafield>
</record>
